=LDR 00000nam 2200000 4500 =001 INLIS000000000006831 =005 20251114020000 =035 ##$$a 0010-1125000705 =007 ta =008 251114###########################0#ind## =082 ##$$a 551.697 =084 ##$$a 551.697 PAU e =100 #$$a Paulu Agus Winarso =245 1#$$a Evaluasi Dampak Elnino Khususnya Kejadian 1997 Dan Prospek Dampak Untuk Masa Mendatang Dari Segi Kondisi Cuaca/iklim Wilayan Indonesia : $b - /$c Paulu Agus Winarso ; Badan Moteologi Dan Geofisika =260 ##$:$b Badan Moteologi Dan Geofisika =300 ##$$a 8 hal : $b - ; $c 21 cm =650 #4$$a Keluarga Berencana =710 #$$a Badan Moteologi Dan Geofisika =856 ##$$a Perpustakaan Kemendukbangga